|
|
|
|
| LEADER |
00866 a2200193 4500 |
| 008 |
211022b |||||||| |||| 00| 0 mal d |
| 020 |
|
|
|a 9788182672000
|
| 082 |
|
|
|a 294.5924046
|
| 100 |
|
|
|a നിർമലാനന്ദഗിരി മഹാരാജ്
|9 1581617
|
| 245 |
|
|
|a ഭഗവദ് ഗീതയ്ക്ക് ഒരാമുഖം /
|c നിർമലാനന്ദഗിരി മഹാരാജ്
|
| 246 |
|
|
|a Bhagavadgeethaikku oramugham
|
| 250 |
|
|
|a 4 th ed.
|
| 260 |
|
|
|b Mathrubhumi Books,
|c 2017
|a Kozhikode :
|
| 300 |
|
|
|a 120p. ;
|c 21 cm.
|
| 650 |
|
7 |
|2 fast
|9 1021152
|a Hinduism and culture
|
| 653 |
|
|
|a Gita - interpretations
|
| 942 |
|
|
|2 ddc
|c BK
|
| 999 |
|
|
|c 351886
|d 351886
|
| 952 |
|
|
|0 0
|1 0
|2 ddc
|4 0
|6 294_592404600000000_NIR_B
|7 0
|9 406558
|a UL
|b UL
|c ST1
|d 2020-07-17
|g 73.70
|l 1
|m 1
|o 294.5924046 NIR/B
|p 103362
|q 2022-01-29
|r 2021-12-01
|s 2021-12-01
|v 110.00
|y BK
|